Protecting nature

Bibliographic Details
Main Author: Bailey, Donna
Format: Book
Published: London : Franklin Watts , 1991
Series:What we can do about

MARC

LEADER 00000cam a2200000 7i4500
001 0000006836
002 000007365
005 20000330.0
020 |a 0749605316 
090 0 0 |a J 363.7   |b BAI 
100 1 |a Bailey, Donna 
245 1 0 |a Protecting nature   |c Donna Bailey 
260 |a London :   |b Franklin Watts ,   |c 1991 
300 |a 30 p. :   |b ill ;   |c 17 cm. 
490 0 |a What we can do about 
999 |a 026895   |b BUKU   |c JUNIOR REFERENCE   |e PERPUSTAKAAN KOMUNITI PETALING JAYA